| 000 | nam a22 7a 4500 | ||
|---|---|---|---|
| 999 |
_c52928 _d52928 |
||
| 005 | 20200616173413.0 | ||
| 008 | 200616b xxu||||| |||| 00| 0 eng d | ||
| 040 | _aANE | ||
| 041 | _aEs | ||
| 100 | _aReyes Cano, Paula | ||
| 245 | _aMenores y Violencia de género:Nuevos paradigmas | ||
| 260 |
_aGranada _c2018 |
||
| 300 | _a323 p. | ||
| 856 | _uhttp://documentacion.asambleanacional.gob.ec/alfresco/d/d/workspace/SpacesStore/5638c571-803c-45f1-bf97-1c33a54817b5/MENORES%20Y%20VIOLENCIA%20DE%20GENERO%20NUEVOS%20PARADIGMAS.pdf | ||
| 942 |
_2ddc _cBV _zNr. |
||